Nonsmooth vector functions and continuous optimization / (Record no. 478545)

000 -LEADER
fixed length control field 01807cam a2200457 a 4500
001 - CONTROL NUMBER
control field 14949920
003 - CONTROL NUMBER IDENTIFIER
control field NUST
005 - DATE AND TIME OF LATEST TRANSACTION
control field 20180604042535.0
008 - FIXED-LENGTH DATA ELEMENTS--GENERAL INFORMATION
fixed length control field 070801s2008 nyu b 001 0 eng c
010 ## - LIBRARY OF CONGRESS CONTROL NUMBER
LC control number 2007934335
015 ## - NATIONAL BIBLIOGRAPHY NUMBER
National bibliography number 07,N34,0572
Source dnb
020 ## - INTERNATIONAL STANDARD BOOK NUMBER
International Standard Book Number 9780387737164 (alk. paper)
020 ## - INTERNATIONAL STANDARD BOOK NUMBER
International Standard Book Number 0387737162 (alk. paper)
020 ## - INTERNATIONAL STANDARD BOOK NUMBER
International Standard Book Number 9780387737171 (eISBN)
020 ## - INTERNATIONAL STANDARD BOOK NUMBER
International Standard Book Number 0387737170 (eISBN)
035 ## - SYSTEM CONTROL NUMBER
System control number (OCoLC)ocn172979480
038 ## - RECORD CONTENT LICENSOR
Staff Name SNS Library
040 ## - CATALOGING SOURCE
Original cataloging agency COO
Transcribing agency COO
Modifying agency BTCTA
-- BAKER
-- BWX
-- YDXCP
-- MTG
-- SHH
-- OCLCG
-- VRC
-- DEBBG
-- YUS
-- DLC
042 ## - AUTHENTICATION CODE
Authentication code pcc
050 00 - LIBRARY OF CONGRESS CALL NUMBER
Classification number QA402.5
Item number .J49 2008
082 00 - DEWEY DECIMAL CLASSIFICATION NUMBER
Classification number 519.6
Edition number 23
084 ## - OTHER CLASSIFICATION NUMBER
Classification number SK 870
Number source rvk
100 1# - MAIN ENTRY--PERSONAL NAME
Personal name Jeyakumar, Vaithilingam.
9 (RLIN) 10816
245 10 - TITLE STATEMENT
Title Nonsmooth vector functions and continuous optimization /
Statement of responsibility, etc. by V. Jeyakumar, D.T. Luc.
260 ## - PUBLICATION, DISTRIBUTION, ETC.
Place of publication, distribution, etc. New York :
Name of publisher, distributor, etc. Springer,
Date of publication, distribution, etc. c2008.
300 ## - PHYSICAL DESCRIPTION
Extent x, 269 p. ;
Dimensions 25 cm.
490 1# - SERIES STATEMENT
Series statement Optimization and its applications ;
Volume/sequential designation v. 10
504 ## - BIBLIOGRAPHY, ETC. NOTE
Bibliography, etc. note Includes bibliographical references (p. [259]-264) and index.
505 0# - FORMATTED CONTENTS NOTE
Formatted contents note Pseudo-Jacobian matrices -- Calculus rules for Pseudo-Jacobians -- Openness of continuous vector functions -- Nonsmooth mathematical programming problems -- Monotone operators and nonsmooth variational inequalities.
650 #0 - SUBJECT ADDED ENTRY--TOPICAL TERM
Topical term or geographic name entry element Nonsmooth optimization.
9 (RLIN) 10817
650 #0 - SUBJECT ADDED ENTRY--TOPICAL TERM
Topical term or geographic name entry element Vector valued functions.
9 (RLIN) 10818
650 #0 - SUBJECT ADDED ENTRY--TOPICAL TERM
Topical term or geographic name entry element Mathematical optimization.
9 (RLIN) 10023
650 07 - SUBJECT ADDED ENTRY--TOPICAL TERM
Topical term or geographic name entry element Nichtglatte Optimierung.
Source of heading or term swd
9 (RLIN) 10819
650 07 - SUBJECT ADDED ENTRY--TOPICAL TERM
Topical term or geographic name entry element Vektorfunktion.
Source of heading or term swd
9 (RLIN) 10820
700 1# - ADDED ENTRY--PERSONAL NAME
Personal name Dinh, The Luc,
Dates associated with a name 1952-
9 (RLIN) 10821
830 #0 - SERIES ADDED ENTRY--UNIFORM TITLE
Uniform title Springer optimization and its applications ;
Volume/sequential designation v. 10.
9 (RLIN) 10822
906 ## - LOCAL DATA ELEMENT F, LDF (RLIN)
a 7
b cbc
c pccadap
d 2
e ncip
f 20
g y-gencatlg
942 ## - ADDED ENTRY ELEMENTS (KOHA)
Source of classification or shelving scheme
Koha item type Book
Holdings
Withdrawn status Lost status Source of classification or shelving scheme Damaged status Not for loan Permanent Location Current Location Date acquired Total Checkouts Full call number Barcode Date last seen Price effective from Koha item type
          School of Natural Sciences (SNS) School of Natural Sciences (SNS) 06/04/2018   519.6 SNS0002533 06/04/2018 06/04/2018 Book
© 2023 Central Library, National University of Sciences and Technology. All Rights Reserved.